Statistics for European Countries With Over 10 Million Inhabitants

Click here to take the quiz!

General Stats

  • This quiz has been taken 43 times
  • The average score is 13 of 15

Answer Stats

Pop(MILLIONS)Answer% Correct
82Germany
100%
67France
100%
66UK
100%
144Russia
97%
46Spain
95%
38Poland
95%
60Italy
92%
42Ukraine
92%
17Netherlands
92%
20Romania
87%
11Belgium
87%
11Greece
87%
10Portugal
82%
10Sweden
74%
10Czech Republic
67%

Score Distribution

Percentile by Number Answered

Percent of People with Each Score

Your Score History

You have not taken this quiz